000 00587nam a2200193Ia 4500
003 GCL
008 140319s9999 xx 000 0 ara d
040 _aGCL /
_cGCL
082 0 4 _a346.09
_bم.ج
100 1 _aمصطفى مجدى هرجة
245 1 0 _aجرائم النصب واحكام الشيك وخيانة الامانة /
_cمصطفى مجدى هرجة
260 _a[S.N] :
_bفؤاد هاشم الكتبى ،
_c1991
300 _a284 ص
490 _a
650 0 4 _aالقانون
650 0 4 _aالشيكات
650 0 4 _aالقانون المدنى
942 _2ddc
_cBK
999 _c53915
_d53915